| 000 | 00749nam a2200217Ia 4500 | ||
|---|---|---|---|
| 999 |
_c36124 _d36124 |
||
| 001 | 2024 | ||
| 003 | GE_BSU | ||
| 005 | 20190423101808.0 | ||
| 008 | 181216s2006||||ru |||||||||||||| ||rus|| | ||
| 020 | _a5699170227 | ||
| 040 | _cGE_BSU | ||
| 041 | _arus | ||
| 080 | _a342.5(470)(075.8) | ||
| 245 |
_aПарламентарное право России : _bУчебник / _cПод общ. ред. О.Н.Булакова и др. |
||
| 264 |
_aМосква : _bЭксмо, _c2006. |
||
| 300 |
_a656стр. ; _b21см. |
||
| 653 | _aრუსეთის პარლამენტი | ||
| 653 | _aსაპარლამენტო სამართალი | ||
| 700 |
_aБулакова, О.Н. _cРедактор _9368 |
||
| 942 |
_cBK _2udc |
||